01218nam a22002537a 45000010005000000030006000050050017000110080041000280200018000690400029000870820013001161000019001292450095001482500033002432600039002763000050003154900029003655050008003945200468004025210021008705210020008916500024009117000029009355514FISKH20241216110439.0241216b cb ||||| |||| 00| 0 eng d a9780545212113 aFISKHbengcFISKHdFISKH a791.4375 aHidalgo, Pablo aStar wars head-to-head : bthe 30 wildest matchups you've never seen ! /cby Pablo Hidalgo aFirst printing, January 2010 aNew York : bScholastic ;c2010 .  a64 pages : bcolor illustrations ; c28 cm .  a Star Wars Head-to-Head  aZ  a"The wildest Star Wars matchups you've never seen! What would happen if your favorite Star Wars characters, creatures, and vehicles that never got to duel were to go head-to-head? Thirty stunning battles include Darth Vader vs. Yoda, the Millennium Falcon vs. the Sith Infiltrator, and Ewok vs. Jawa! Decide who you think would win these never-before-seen face-offs. Then check out what the experts have to say about these incredible showdowns!"--p. [4] of cover.8 a1070 bLexile 8 aZ bRaz-Plus  a Star Warsvfiction aGrossblatt, BeneEditor